Представление документа в формате RUSMARC

ПолеНазваниеЗначение
  Тип записи a
  Библиографический уровень m
001 Контрольный номер 3036ec203754466698cd48efb9e08f3c
005 Дата корректировки 20141008153337.0
010 Индекс ISBN __
a ISBN 978-5-9916-1554-9
010 Индекс ISBN __
a ISBN 978-5-9692-1266-4
101 Язык документа 0_
a Язык текста rus
102 Страна публикации __
a Страна публикации RU
200 Заглавие и сведения об ответственности 1_
a Заглавие Русский язык и культура речи
e Сведения, относящиеся к заглавию учеб. для бакалавров
f Первые сведения об ответственности В. И. Максимов [и др.] ; ред. В. И. Максимов, А. В. Голубева
205 Сведения об издании __
a Основные сведения об издании 2-е изд., испр. и доп.
210 Выходные данные 1_
c Издательство Юрайт
a Место издания Москва
d Дата издания 2012
215 Физическое описание __
a Объем 358, [1] с.
225 Серия 2_
a Серия Бакалавр
610 Ключевые слова 0_
a Ключевые слова русский язык
a Ключевые слова культура речи
a Ключевые слова литературный язык
a Ключевые слова книжная речь
a Ключевые слова устная речь
a Ключевые слова учебник
a Ключевые слова гриф УМО
686 Индексы других классификаций __
a Классификационный индекс 81.411.2-923
2 Код системы rubbk
701 Альтернативная интеллектуальная ответственность _1
a Фамилия Максимов
b Имя В. И.
701 Альтернативная интеллектуальная ответственность _1
a Фамилия Голубева
b Имя А. В.
701 Альтернативная интеллектуальная ответственность _1
a Фамилия Костомаров
b Имя В. Г.
701 Альтернативная интеллектуальная ответственность _1
a Фамилия Насонкина
b Имя М. О.
702 Вторичная интеллектуальная ответственность _1
a Фамилия В. И. Максимов, А. В. Голубева
4 Код отношения 340
801 Источник записи _0
a Страна RU
b Организация РУК
c Дата составления 20120315
g Правила каталогизации PSBO
801 Источник записи _1
a Страна RU
b Организация РУК
c Дата составления 20120315
g Правила каталогизации PSBO
801 Источник записи _1
b Организация Сыктывкарский филиал
852 Данные о местонахождении __
i Авторский знак Р 89
j Шифр хранения ББК 81.411.2
901 Тип документа __
t Тип документа m
938 Служебная информация __
a Название организации Головной вуз
b Имя БД BOOK
c Название АИБС АИБС ИРБИС
938 Служебная информация __
a Название организации Сыктывкарский филиал
938 Служебная информация __
a Название организации Ижевский филиал
952 Тип литературы __
b Гриф литературы для ВШ гриф УМО
952 Тип литературы __
b Гриф литературы для ВШ гриф УМО
c Вид литературы учебник